header

Disputing the floodplains (Record no. 123748)

MARC details
000 -LEADER
fixed length control field 01379nam a2200325Ia 4500
082 04 - DEWEY DECIMAL CLASSIFICATION NUMBER
Classification number 333.91/7
245 00 - TITLE STATEMENT
Title Disputing the floodplains
260 ## - PUBLICATION, DISTRIBUTION, ETC. (IMPRINT)
Place of publication Boston :
Name of publisher Brill,
Year of publication 2010.
300 ## - PHYSICAL DESCRIPTION
Number of Pages xviii, 452 p. :
Other physical details ill., maps.
490 1# - SERIES STATEMENT
Series statement African social studies series ;
650 #0 - SUBJECT ADDED ENTRY--TOPICAL TERM
Topical Term Water resources development
Topical Term Floodplain management
700 1# - ADDED ENTRY--PERSONAL NAME
Personal name Haller, Tobias.
856 40 - ELECTRONIC LOCATION AND ACCESS
Uniform Resource Identifier http://site.ebrary.com/lib/rucke/Doc?id=10455134

No items available.

© 2026 Rongo University
Contact us: librarian | system librarian | Rongo university